000
00236nam a2200097Ia 4500
008
200302s9999 xx 000 0 und d
100
_a
Author
245
_a
Best of Gates & Grilis
260
_b
M B D Publishers Disributors
300
_a
80 P.,
999
_c
1573
_d
1573